Les piliers dans Demon Slayer - Statistiques

Statistiques générales
  • Ce quiz a été pris 253 fois
  • Le résultat moyen est 7 sur 13
Statistiques - réponses
Hint Réponse % Correct
Eau Giyu Tomioka
88%
Flamme Kyojuro Rengoku
82%
Flamme Shinjuro Rengoku
80%
Brume Muichiro Tokito
68%
Son Tengen Uzui
68%
Amour Mitsuri Kanroji
61%
Insecte Shinobu Kocho
58%
Fleur Kanae Kocho
55%
Vent Sanemi Shinazugawa
48%
Serpent Obanai Iguro
46%
Eau Sakonji Urokodaki
43%
Roche Gyomei Himejima
40%
Foudre Jigoro Kuwajima
9%
Aucun quiz correspondant
Distribution des résultats
% des personnes avec chaque résultat
Percentile par nombre de réponses
Votre historique - résultats
Vous n’avez pas pris ce quiz